Khảo sát các bài thí nghiệm vật lý lớp 11hiện đang sử dụng tại các trường THPT trên địa bàn TP Đà Nẵng và so sánh với các bài thí nghiệm phương pháp dạy học tại phòng thí nghiệm khoa Vật lý - trường Đại học Sư Phạm Đà Nẵng

Tổng quan chương trình vật lý lớp 11. Khảo sát các bài thí nghiệm vật lý lớp 11 hiện đang sử dụng tại các trường THPT trên địa bàn TP Đà Nẵng và so sánh với các bài thí nghiệm phương pháp dạy học tại phòng thí nghiệm khoa Vật lý - trường Đại học Sư Phạm Đà Nẵng. So sánh các bài thí nghiệm vật lý lớp...

Volledige beschrijving

Bewaard in:
Bibliografische gegevens
Hoofdauteur: Lê, Khánh Loan
Andere auteurs: Nguyễn, Nhật Quang Th.S (Hướng dẫn)
Formaat: Boek
Taal:Vietnamese
Gepubliceerd in: Đại học Đà Nẵng Trường đại học Sư Phạm 2011
Reeks:Khóa luận tốt nghiệp đại học. Chuyên ngành: Sư phạm Lý
Onderwerpen:
Tags: Voeg label toe
Geen labels, Wees de eerste die dit record labelt!
Thư viện lưu trữ: Mạng thư viện Đại học Đà Nẵng
LEADER 02030nam a2200349 4500
001 000012212
003 8505
005 20120216150249.0
008 120216s2011 viesd
041 |a vie 
072 |a Khóa luận tốt nghiệp 
082 |a 373.238072  |b LE-L 
100 |a Lê, Khánh Loan 
245 |a Khảo sát các bài thí nghiệm vật lý lớp 11hiện đang sử dụng tại các trường THPT trên địa bàn TP Đà Nẵng và so sánh với các bài thí nghiệm phương pháp dạy học tại phòng thí nghiệm khoa Vật lý - trường Đại học Sư Phạm Đà Nẵng  |c Lê, Khánh Loan 
260 |a Đại học Đà Nẵng  |b Trường đại học Sư Phạm  |c 2011 
300 |a 74 tr.  |c 29 cm 
490 |a Khóa luận tốt nghiệp đại học. Chuyên ngành: Sư phạm Lý 
500 |a Tham khảo 74 + phụ lục [13 tr.] 
520 |a Tổng quan chương trình vật lý lớp 11. Khảo sát các bài thí nghiệm vật lý lớp 11 hiện đang sử dụng tại các trường THPT trên địa bàn TP Đà Nẵng và so sánh với các bài thí nghiệm phương pháp dạy học tại phòng thí nghiệm khoa Vật lý - trường Đại học Sư Phạm Đà Nẵng. So sánh các bài thí nghiệm vật lý lớp 11 tại khoa Vật lý - trường Đại học Sư Phạm Đà Nẵng với các trường THPT 
653 |a Khóa luận tốt nghiệp đại học 
653 |a Khoa Vật lý 
700 |a Nguyễn, Nhật Quang  |c Th.S  |e Hướng dẫn 
OWN |a LSP 
AVA |a UDN50  |b LSP  |d 373.238072 LE-L  |e available  |t Error 5001 Not defined in file expand_doc_bib_avail.  |f 1  |g 0  |h N  |i 0  |k 1 
999 |a From the UDN01 
AVA |a UDN50  |b LSP  |d 373.238072 LE-L  |e available  |t Error 5001 Not defined in file expand_doc_bib_avail.  |f 1  |g 0  |h N  |i 0  |k 1 
TYP |a Monograph 
TYP |a Printed language 
980 |a Mạng thư viện Đại học Đà Nẵng